Fish reproductive biology : (Record no. 112746)
[ view plain ]
| 000 -LEADER | |
|---|---|
| fixed length control field | 00596nam a22001937a 4500 |
| 003 - CONTROL NUMBER IDENTIFIER | |
| control field | BD-ChCU |
| 005 - DATE AND TIME OF LATEST TRANSACTION | |
| control field | 20260506141859.0 |
| 008 - FIXED-LENGTH DATA ELEMENTS--GENERAL INFORMATION | |
| fixed length control field | 260506b bg ||||| |||| 00| 0 ben d |
| 020 ## - INTERNATIONAL STANDARD BOOK NUMBER | |
| International Standard Book Number | 9781118752746 |
| 040 ## - CATALOGING SOURCE | |
| Transcribing agency | BD-ChCU |
| 082 ## - DEWEY DECIMAL CLASSIFICATION NUMBER | |
| Classification number | 639.3 F532 |
| 100 ## - MAIN ENTRY--PERSONAL NAME | |
| Personal name | edited by Jakobsen,Tore ... [et al.]. |
| 9 (RLIN) | 22537 |
| 245 ## - TITLE STATEMENT | |
| Title | Fish reproductive biology : |
| Remainder of title | implications for assessment and management / |
| Statement of responsibility, etc. | edited by Tore Jakobsen ... [et al.]. |
| 250 ## - EDITION STATEMENT | |
| Edition statement | 2ed. |
| 260 ## - PUBLICATION, DISTRIBUTION, ETC. | |
| Place of publication, distribution, etc. | N.Y |
| Name of publisher, distributor, etc. | Wiley blaekwel, |
| Date of publication, distribution, etc. | 2016 |
| 300 ## - PHYSICAL DESCRIPTION | |
| Extent | 741p. |
| 650 #0 - SUBJECT ADDED ENTRY--TOPICAL TERM | |
| Topical term or geographic name entry element | Fishes Fishery management |
| 9 (RLIN) | 22539 |
| 942 ## - ADDED ENTRY ELEMENTS (KOHA) | |
| Source of classification or shelving scheme | Dewey Decimal Classification |
| Koha item type | Books |
| Suppress in OPAC | No |
| Withdrawn status | Lost status | Source of classification or shelving scheme | Damaged status | Not for loan | Home library | Current library | Shelving location | Date acquired | Source of acquisition | Total Checkouts | Full call number | Barcode | Date last seen | Copy number | Price effective from | Koha item type |
|---|---|---|---|---|---|---|---|---|---|---|---|---|---|---|---|---|
| Dewey Decimal Classification | Chittagong University Library | Chittagong University Library | Science Reading Room | 05/06/2026 | purchase | 639.3 F532 | 343451 | 05/06/2026 | 1 | 05/06/2026 | Books | |||||
| Dewey Decimal Classification | Chittagong University Library | Chittagong University Library | Science Reading Room | 05/06/2026 | purchase | 639.3 F532 | 343452 | 05/06/2026 | 2 | 05/06/2026 | Books |